| 000 | 00378nam a2200145Ia 4500 | ||
|---|---|---|---|
| 008 | 260319s9999 xx 000 0 und d | ||
| 020 | _a9.7893859987e+012 | ||
| 082 |
_a5.73 _bSAL/D |
||
| 100 | _aSalanke,Girish Rao | ||
| 245 | 0 | _aData Structure Lab Experiment with C | |
| 250 | _a1st Ed. | ||
| 260 |
_aNew Delhi _bNew Age International _c2017 |
||
| 300 | _a116p. | ||
| 942 | _cBK | ||
| 999 |
_c50948 _d50948 |
||